000 00582nam a2200217Ia 4500
008 101110s9999 xx 000 0 und d
041 _aENGLISH
082 _bSR34298
100 _aSchildt Herbert
245 _aJava TM2: the complete referance, 5th ed
260 _c2009
_bTata McGraw Hill education, New Delhi
300 _a1154
365 _b495
520 _aComputer
546 _aENGLISH
630 _aJava TM2: the complete referance, 5th ed
650 _aComputer
655 _aComputer
730 _aJava TM2: the complete referance, 5th ed
942 _cBOOK
999 _c826799
_d826796